000
00202nam a2200085 4500
001
1255135
005
20251204125530.0
245
_a
ORMAN DÜNYA EFSANESİ
_c
ŞABAN ÇUMAN
260
_b
GENÇ TİMAŞ YAYINLARI
999
_c
1255135
_d
1255135